Squid Game Sudden Death - Statistics

General Stats
  • This quiz has been taken 337 times
  • The average score is 10 of 21
Answers on the Grid
Answers color-coded by a green-red scale on the quiz's grid according to % correct below.
368
055
031
456
021
350
067
277
408
199
032
083
388
212
167
124
009
079
324
100
254
113
111
200
246
405
444
435
007
230
010
002
432
355
149
123
008
222
387
333
101
218
455
001
125
233
240
120
190
390
360
 
Answer Stats
Answer % Correct
456
83%
067
72%
199
61%
388
58%
100
57%
212
56%
001
55%
124
55%
222
55%
333
48%
007
45%
120
44%
101
39%
149
38%
218
37%
230
37%
390
37%
125
36%
111
34%
246
34%
240
29%
No matching quizzes found
Score Distribution
Percent of People with Each Score
Percentile by Number Answered
Your Score History
You have not taken this quiz